| 000 | 00840cab a2200241 4500 | ||
|---|---|---|---|
| 001 | ABS41739 | ||
| 008 | 090401t1989 xxu||||| |||| 00| 0 eng d | ||
| 035 | _a(Sirsi) u32163 | ||
| 041 | _aeng | ||
| 100 | _aMurrells, P. | ||
| 245 | 4 | _aThe mortgage valuer`s standard of care | |
| 260 | _c1989 | ||
| 350 | _a0 | ||
| 490 |
_aEstates Gazette _v(8944) 4 November 1989, 28-31(3) |
||
| 520 | _aReviews three recent cases concerning a mortgage valuer`s standard of care, all of which decided in favour of the valuer. The decisions are Gibbs v Arnold Son and Hockley , Whalley v Roberts and Roberts and Bere v Slades . | ||
| 650 | _aDUTY OF CARE | ||
| 650 | _aLIABILITY | ||
| 650 | _aMORTGAGE VALUATIONS | ||
| 650 | _aNEGLIGENCE | ||
| 690 | _aMANAGEMENT-BUSINESS MANAGEMENT-PROFESSIONAL PRACTICE | ||
| 942 | _n0 | ||
| 948 | _c04/03/1997 | ||
| 999 |
_c21584 _d21584 |
||